[Event "Sparkassen-Open A"]
[Site "Heusenstamm, Martinsee"]
[Date "2016.11.27"]
[Round "2.3"]
[White "Chandler, Patrick"]
[Black "Donchenko, Alexander"]
[Result "0-1"]
[WhiteElo "2107"]
[BlackElo "2563"]
[PlyCount "82"]
[EventDate "2016.??.??"]
[WhiteTeam "SC Nied"]
[BlackTeam "DJK Aufwärts Aachen"]

1. e4 c6 2. d4 d5 3. e5 Bf5 4. g4 Be4 5. f3 Bg6 6. h4 h5 7. e6 Qd6 8. exf7+
Bxf7 9. g5 Qg3+ 10. Ke2 e6 11. Nh3 Qc7 12. Qd3 Ne7 13. Kd1 Nd7 14. Nc3 Nf5 15.
Ne2 g6 16. Nf2 Bg7 17. c3 c5 18. Bh3 O-O 19. Bxf5 exf5 20. Qb5 a6 21. Qb3 b5
22. Qa3 Rfe8 23. Nd3 cxd4 24. cxd4 Rxe2 25. Kxe2 Qc2+ 26. Kf1 Re8 27. Qc3 Qe2+
28. Kg1 Bxd4+ 29. Qxd4 Qd1+ 30. Kg2 Re2+ 31. Qf2 Qxd3 32. Re1 Rxf2+ 33. Kxf2
Ne5 34. Rxe5 Qd4+ 35. Kg3 Qg1+ 36. Kh3 f4 37. Bxf4 Qxa1 38. Re7 Qxb2 39. Kg3
Qb1 40. Be5 Qe1+ 41. Kf4 Qb4+ 0-1

[Event "Sparkassen-Open A"]
[Site "Heusenstamm, Martinsee"]
[Date "2016.11.27"]
[Round "2.5"]
[White "Khudovekov, Stanislav"]
[Black "Sumets, Andrey"]
[Result "0-1"]
[WhiteElo "2104"]
[BlackElo "2559"]
[PlyCount "44"]
[EventDate "2016.??.??"]
[WhiteTeam "SK Smolensk"]
[BlackTeam "SF Lilienthal"]

1. Nf3 c5 2. g3 Nc6 3. Bg2 g6 4. O-O Bg7 5. d3 d6 6. Nbd2 e5 7. e4 Nge7 8. c3
O-O 9. a4 h6 10. Qe2 Be6 11. Rd1 Qd7 12. Nf1 Bh3 13. Be3 Bxg2 14. Kxg2 f5 15.
h3 Rf7 16. N1h2 Raf8 17. b4 cxb4 18. cxb4 Nxb4 19. Qd2 a5 20. Bxh6 fxe4 21.
dxe4 Bxh6 22. Qxh6 Rh7 0-1

[Event "Sparkassen-Open A"]
[Site "Heusenstamm, Martinsee"]
[Date "2016.11.27"]
[Round "2.6"]
[White "Sadzikowski, Daniel"]
[Black "Schröder, Jürgen"]
[Result "1-0"]
[WhiteElo "2538"]
[BlackElo "2108"]
[PlyCount "41"]
[EventDate "2016.??.??"]
[WhiteTeam "SC Heusenstamm"]
[BlackTeam "SC Matt im Park"]

1. e4 g6 2. d4 Bg7 3. Nc3 d6 4. f4 Nf6 5. Bd3 O-O 6. Nf3 Na6 7. O-O c5 8. d5
Nc7 9. a4 b6 10. Bc4 e6 11. dxe6 Bxe6 12. Bxe6 fxe6 13. e5 Nfd5 14. Ne4 Nxf4
15. exd6 Ncd5 16. g3 Nh5 17. c4 Ndf6 18. Neg5 Re8 19. Ne5 Ne4 20. Nef7 Bd4+ 21.
Kg2 1-0

[Event "Sparkassen-Open A"]
[Site "Heusenstamm, Martinsee"]
[Date "2016.11.27"]
[Round "2.7"]
[White "Benninger, Rudolf"]
[Black "Schröder, Jan-Christian"]
[Result "0-1"]
[WhiteElo "2085"]
[BlackElo "2521"]
[PlyCount "50"]
[EventDate "2016.??.??"]
[WhiteTeam "SC Heusenstamm"]
[BlackTeam "SV Hofheim"]

1. e4 e6 2. d4 d5 3. e5 c5 4. c3 Nc6 5. Nf3 Qb6 6. a3 Nh6 7. b4 cxd4 8. cxd4
Nf5 9. Be3 f6 10. exf6 gxf6 11. Nc3 Bd7 12. Bd3 Nxe3 13. fxe3 Bh6 14. Qe2 Ne7
15. O-O Rc8 16. Rac1 e5 17. Nxe5 fxe5 18. Qh5+ Kd8 19. Qxe5 Re8 20. Kh1 Nf5 21.
Nxd5 Rxc1 22. Rxc1 Rxe5 23. Nxb6 Rxe3 24. Bxf5 Bxf5 25. Nc4 Re2 0-1

[Event "Sparkassen-Open A"]
[Site "Heusenstamm, Martinsee"]
[Date "2016.11.27"]
[Round "2.8"]
[White "Kollars, Dmitrij"]
[Black "Rosenberger, Frank"]
[Result "1-0"]
[WhiteElo "2501"]
[BlackElo "2104"]
[PlyCount "85"]
[EventDate "2016.??.??"]
[WhiteTeam "Hamburger SK"]
[BlackTeam "SK Gernsheim"]

1. e4 e6 2. d4 d5 3. Nc3 Bb4 4. e5 c5 5. a3 Bxc3+ 6. bxc3 Qc7 7. Qg4 f5 8. Qg3
cxd4 9. cxd4 Ne7 10. Ne2 O-O 11. c3 b6 12. Nf4 Rf7 13. a4 Bd7 14. Be2 Nbc6 15.
Ba3 Rc8 16. Bd6 Qb7 17. h4 Kh8 18. h5 h6 19. a5 bxa5 20. Ng6+ Kg8 21. O-O Re8
22. Rfb1 Qa8 23. Ba6 f4 24. Qg4 Nf5 25. Bc5 f3 26. gxf3 Qd8 27. f4 Bc8 28. Bd3
Qc7 29. Kh2 Bd7 30. Rg1 Rb8 31. Bxf5 exf5 32. Qf3 Rb2 33. Qxd5 Rxf2+ 34. Kg3
Re2 35. Rge1 Rxe1 36. Rxe1 Be8 37. Qd6 Qb7 38. d5 Nb8 39. e6 Rf6 40. Bd4 Bxg6
41. Bxf6 Bxh5 42. Qe7 Qxe7 43. Bxe7 1-0

[Event "Sparkassen-Open A"]
[Site "Heusenstamm, Martinsee"]
[Date "2016.11.27"]
[Round "2.9"]
[White "Everett, Elijah"]
[Black "Kveinys, Aloyzas"]
[Result "0-1"]
[WhiteElo "2083"]
[BlackElo "2499"]
[PlyCount "64"]
[EventDate "2016.??.??"]
[WhiteTeam "SF Schöneck"]
[BlackTeam "vereinslos"]

1. e4 c5 2. Nf3 e6 3. d4 cxd4 4. Nxd4 a6 5. Nc3 Qc7 6. g3 d6 7. Bg2 Bd7 8. O-O
Nc6 9. Re1 Be7 10. a4 Nf6 11. Nb3 b6 12. f4 Rd8 13. Qe2 Bc8 14. Be3 O-O 15. h3
Nd7 16. g4 Bf6 17. Qc4 Nc5 18. g5 Be7 19. h4 Rfe8 20. Bf3 Bf8 21. Re2 Ne7 22.
h5 d5 23. exd5 exd5 24. Nxd5 Nxd5 25. Bxd5 b5 26. axb5 axb5 27. Qxb5 Rxe3 28.
Rxe3 Rxd5 29. Qc4 Be6 30. Qf1 Nxb3 31. Rxb3 Rd2 32. Ra8 Qc5+ 0-1

[Event "Sparkassen-Open A"]
[Site "Heusenstamm, Martinsee"]
[Date "2016.11.27"]
[Round "2.10"]
[White "Wieczorek, Oskar"]
[Black "Karimi, Farhad"]
[Result "1-0"]
[WhiteElo "2465"]
[BlackElo "2096"]
[PlyCount "77"]
[EventDate "2016.??.??"]
[WhiteTeam "SC Heusenstamm"]
[BlackTeam "Satranç Club"]

1. Nf3 c5 2. e4 Nc6 3. d4 cxd4 4. Nxd4 e5 5. Nb5 d6 6. N1c3 a6 7. Na3 b5 8. Nd5
Nce7 9. c4 Nxd5 10. exd5 bxc4 11. Nxc4 Nf6 12. Be3 Rb8 13. Be2 Be7 14. a4 O-O
15. O-O Nd7 16. a5 g5 17. Nb6 f5 18. f3 f4 19. Bf2 Nf6 20. Qd3 Bb7 21. b4 Qe8
22. b5 axb5 23. a6 Ba8 24. Nxa8 Rxa8 25. Qxb5 Qf7 26. a7 Rfd8 27. Rfb1 Nd7 28.
Qc6 Qf5 29. Rb7 Bf8 30. Rxd7 Qxd7 31. Qxd7 Rxd7 32. Bb5 Rdd8 33. Bc6 g4 34.
Bxa8 Rxa8 35. Rb1 g3 36. hxg3 fxg3 37. Be3 Bh6 38. Rb8+ Kf7 39. Bb6 1-0

[Event "Sparkassen-Open A"]
[Site "Heusenstamm, Martinsee"]
[Date "2016.11.27"]
[Round "2.11"]
[White "Pfeffer, Marko"]
[Black "Carlstedt, Jonathan"]
[Result "1/2-1/2"]
[WhiteElo "2071"]
[BlackElo "2438"]
[PlyCount "118"]
[EventDate "2016.??.??"]
[WhiteTeam "SC Bergen-Enkheim"]
[BlackTeam "Hamburger SK"]

1. e4 e5 2. Nf3 Nc6 3. Nc3 Nf6 4. d4 exd4 5. Nxd4 Bb4 6. Nxc6 bxc6 7. Bd3 d5 8.
exd5 cxd5 9. O-O O-O 10. Bg5 c6 11. h3 h6 12. Bf4 Bd6 13. Qf3 Rb8 14. b3 Rb4
15. Ne2 Bxf4 16. Nxf4 g5 17. Nh5 Nxh5 18. Qxh5 Rh4 19. Qf3 Qd6 20. Qg3 Rf4 21.
Rae1 c5 22. c4 d4 23. Re2 Kg7 24. Rfe1 Kf6 25. Re4 Rg8 26. Kf1 a5 27. Rxf4+
Qxf4 28. Qxf4+ gxf4 29. Re4 f3 30. Rf4+ Ke5 31. Rxf3 f5 32. g3 Rf8 33. Rf4 Rf6
34. Ke2 Bd7 35. Kd2 a4 36. Rh4 axb3 37. axb3 Be8 38. f4+ Kd6 39. g4 fxg4 40.
hxg4 Bd7 41. g5 hxg5 42. fxg5 Rf2+ 43. Kc1 Rg2 44. g6 Ke5 45. Rh5+ Kf4 46. Rxc5
Be8 47. Rc8 Bd7 48. Rc7 Ke3 49. Bc2 d3 50. Bxd3 Kxd3 51. Rxd7+ Kc3 52. Kd1 Kxb3
53. g7 Kxc4 54. Ke1 Kc5 55. Kf1 Rg6 56. Kf2 Kc6 57. Ra7 Kd5 58. Kf3 Ke5 59.
Ra5+ Kf6 1/2-1/2

[Event "Sparkassen-Open A"]
[Site "Heusenstamm, Martinsee"]
[Date "2016.11.27"]
[Round "2.12"]
[White "Dubiel, Jacek"]
[Black "Clitan, Zaharia"]
[Result "1-0"]
[WhiteElo "2422"]
[BlackElo "2083"]
[PlyCount "65"]
[EventDate "2016.??.??"]
[WhiteTeam "SV Oberursel"]
[BlackTeam "SC Flörsheim"]

1. e4 e5 2. Nf3 d6 3. d4 exd4 4. Nxd4 Nf6 5. Nc3 Be7 6. Bf4 O-O 7. Qd2 c6 8.
O-O-O b5 9. f3 b4 10. Nce2 c5 11. Nf5 Bxf5 12. exf5 d5 13. g4 d4 14. g5 Nd5 15.
f6 gxf6 16. gxf6 Bxf6 17. Bh6 Re8 18. Ng3 Ne3 19. Bb5 Nxd1 20. Bxe8 Ne3 21. Nh5
Kh8 22. Qd3 Bg5 23. Bg7+ Kg8 24. Qe4 Nf5+ 25. f4 Nxg7 26. Nxg7 Na6 27. Rg1 Kxg7
28. Rxg5+ Kf8 29. Bxf7 Kxf7 30. Qxh7+ Ke6 31. Qh6+ Qf6 32. Re5+ Kf7 33. Qh7+
1-0

[Event "Sparkassen-Open A"]
[Site "Heusenstamm, Martinsee"]
[Date "2016.11.27"]
[Round "2.13"]
[White "Rondonuwu, Grover"]
[Black "Noe, Christopher"]
[Result "0-1"]
[WhiteElo "2066"]
[BlackElo "2422"]
[PlyCount "90"]
[EventDate "2016.??.??"]
[WhiteTeam "Frankfurter TV"]
[BlackTeam "SC Eppingen"]

1. d4 Nf6 2. Nf3 e6 3. e3 c5 4. c3 Be7 5. Bd3 Nc6 6. O-O O-O 7. Nbd2 b6 8. e4
cxd4 9. cxd4 Nb4 10. Be2 Ba6 11. Bxa6 Nxa6 12. a3 Qc8 13. Qe2 Qb7 14. b4 Rac8
15. Qd3 d5 16. e5 Ne4 17. Bb2 f6 18. exf6 Bxf6 19. Rfe1 Nxd2 20. Qxd2 Qd7 21.
Qe2 Nc7 22. Rac1 Nb5 23. Ne5 Bxe5 24. Qxe5 Rce8 25. a4 Nd6 26. b5 Nc4 27. Qg3
Rf6 28. Rc2 a6 29. Qb3 axb5 30. axb5 Ra8 31. Bc3 Ra3 32. Qb1 Rg6 33. g3 Rf6 34.
Bd2 Raf3 35. Bf4 Na3 36. Rc7 Qxc7 37. Bxc7 Nxb1 38. Rxb1 Rxf2 39. Bxb6 Rc2 40.
Bd8 Rff2 41. b6 Rg2+ 42. Kf1 Rxh2 43. Kg1 Rcg2+ 44. Kf1 Rb2 45. Rxb2 Rxb2 0-1

[Event "Sparkassen-Open A"]
[Site "Heusenstamm, Martinsee"]
[Date "2016.11.27"]
[Round "2.14"]
[White "Keymer, Vincent"]
[Black "Poghosyan, Tigran"]
[Result "1-0"]
[WhiteElo "2419"]
[BlackElo "2080"]
[PlyCount "61"]
[EventDate "2016.??.??"]
[WhiteTeam "SK Gau-Algesheim"]
[BlackTeam "Lübecker SV"]

1. d4 Nf6 2. c4 g6 3. Nc3 d5 4. Bg5 Ne4 5. Bh4 Nxc3 6. bxc3 dxc4 7. e3 b5 8. a4
Bd7 9. axb5 Bxb5 10. Bxc4 Bxc4 11. Qa4+ Qd7 12. Qxc4 Qc6 13. Qxc6+ Nxc6 14. Bg3
O-O-O 15. Nf3 f6 16. Ke2 e6 17. Rhb1 Bd6 18. Ra6 Kd7 19. Bxd6 Kxd6 20. Nd2 f5
21. Nc4+ Kd7 22. Rb5 Rb8 23. Rc5 Rb6 24. Nxb6+ axb6 25. Rb5 Na5 26. Kd3 Rd8 27.
c4 Nb7 28. Ra7 Kc6 29. f3 Na5 30. Re5 Kd7 31. d5 1-0

[Event "Sparkassen-Open A"]
[Site "Heusenstamm, Martinsee"]
[Date "2016.11.27"]
[Round "2.15"]
[White "Bordin, Igor"]
[Black "Telljohann, Sven"]
[Result "0-1"]
[WhiteElo "2063"]
[BlackElo "2408"]
[PlyCount "166"]
[EventDate "2016.??.??"]
[WhiteTeam "SC Fehrbach"]
[BlackTeam "Frankfurter TV"]

1. e4 g6 2. Nf3 Bg7 3. d4 c6 4. Be2 d5 5. Nc3 Bg4 6. Be3 Nf6 7. h3 Bxf3 8. Bxf3
O-O 9. O-O e6 10. Qd2 dxe4 11. Nxe4 Nxe4 12. Bxe4 Qd6 13. g3 Nd7 14. Bf4 Qe7
15. Bg2 Rfd8 16. c3 Nb6 17. Bg5 Bf6 18. Bxf6 Qxf6 19. Qe2 a5 20. Rfe1 Rd7 21.
h4 h5 22. Bf3 Nd5 23. Kg2 Ne7 24. Rad1 Rad8 25. Qe5 Qxe5 26. Rxe5 b6 27. Rde1
Rc7 28. g4 hxg4 29. Bxg4 Nd5 30. Kg3 Kf8 31. h5 gxh5 32. Rxh5 Nf6 33. Rh8+ Ke7
34. Rxd8 Kxd8 35. Bf3 c5 36. Rd1 cxd4 37. Rxd4+ Ke7 38. Kf4 Ne8 39. Rd1 Nd6 40.
Be2 Rc5 41. Rh1 Rd5 42. Rd1 Rf5+ 43. Ke3 Re5+ 44. Kd2 Ne4+ 45. Ke1 Rf5 46. f3
Nd6 47. Rd4 Rh5 48. Rg4 Rh2 49. Rg8 Nf5 50. Kd2 Nh4 51. Rb8 Nxf3+ 52. Ke3 Ng1
53. Bc4 Rxb2 54. Bb3 Kf6 55. Kd3 Ne2 56. c4 a4 57. Bxa4 Rxa2 58. Bb5 Ke5 59.
Rxb6 Nd4 60. Be8 Ra3+ 61. Kd2 f5 62. c5 Ra8 63. Bd7 Rd8 64. Rb7 Kd5 65. Ba4
Kxc5 66. Rh7 e5 67. Bd7 Kd6 68. Ba4 e4 69. Ke3 Ke5 70. Re7+ Ne6 71. Bd7 f4+ 72.
Kf2 e3+ 73. Kf1 Rxd7 74. Rxd7 f3 75. Re7 Kf6 76. Re8 Kf7 77. Ra8 Nd4 78. Rc8
Nb3 79. Ke1 Nd2 80. Rc1 Ke6 81. Rc6+ Ke5 82. Rc5+ Ke4 83. Kd1 f2 0-1

[Event "Sparkassen-Open A"]
[Site "Heusenstamm, Martinsee"]
[Date "2016.11.27"]
[Round "2.16"]
[White "Weichhold, Pawel"]
[Black "Flach, Erich"]
[Result "1/2-1/2"]
[WhiteElo "2407"]
[BlackElo "2062"]
[PlyCount "94"]
[EventDate "2016.??.??"]
[WhiteTeam "SC Heusenstamm"]
[BlackTeam "SK Langen"]

1. e4 c5 2. Nf3 d6 3. d4 cxd4 4. Nxd4 Nf6 5. Nc3 a6 6. h3 e6 7. g4 d5 8. exd5
Nxd5 9. Bg2 Nxc3 10. bxc3 Qc7 11. Qf3 Bd6 12. O-O Nd7 13. a4 Rb8 14. Rd1 O-O
15. Rb1 Nb6 16. Ra1 Nc4 17. Qe2 Rd8 18. Bg5 Re8 19. Nc6 bxc6 20. Qxc4 c5 21.
Rd2 h6 22. Be3 Bb7 23. Bxb7 Rxb7 24. Qxa6 Bh2+ 25. Kg2 Be5 26. Qc4 Ra8 27. f4
Qc6+ 28. Kf2 Bf6 29. g5 hxg5 30. fxg5 Be7 31. Qg4 Rba7 32. a5 Rxa5 33. Rxa5
Rxa5 34. g6 fxg6 35. Qxg6 c4 36. Rd4 Rf5+ 37. Ke2 Bf6 38. Rf4 Rxf4 39. Bxf4
Bxc3 40. h4 Qd5 41. h5 Qf5 42. Bd6 Bd4 43. Bg3 Qxg6 44. hxg6 Kf8 45. Kf3 Ke7
46. Ke4 Bf6 47. Be1 Kd7 1/2-1/2

[Event "Sparkassen-Open A"]
[Site "Heusenstamm, Martinsee"]
[Date "2016.11.27"]
[Round "2.17"]
[White "Marzahn, Heiko"]
[Black "Milov, Leonid"]
[Result "0-1"]
[WhiteElo "2059"]
[BlackElo "2406"]
[PlyCount "78"]
[EventDate "2016.??.??"]
[WhiteTeam "Sfr. Erbach"]
[BlackTeam "SC Noris-Tarrasch Nürnberg"]

1. e4 c5 2. Nf3 e6 3. d4 cxd4 4. Nxd4 Nc6 5. Nc3 Qc7 6. f4 a6 7. Nxc6 Qxc6 8.
Bd3 b5 9. Qe2 Bb7 10. Bd2 Rc8 11. g4 Be7 12. g5 b4 13. Nd1 h6 14. h4 hxg5 15.
fxg5 Bc5 16. Be3 Ne7 17. Nf2 Bxe3 18. Qxe3 Qc5 19. Qxc5 Rxc5 20. O-O-O Ng6 21.
h5 Nf4 22. h6 Rxg5 23. hxg7 Rg8 24. Rdg1 Rxg1+ 25. Rxg1 Ke7 26. e5 Ng6 27. Bxg6
Rxg7 28. Rg4 Rxg6 29. Rxb4 Bc6 30. Nd3 Rg2 31. Rd4 Re2 32. c3 a5 33. a4 Kd8 34.
Rf4 Be4 35. Nc5 Bg6 36. Rd4 Rc2+ 37. Kd1 Rxb2 38. Nxd7 Kc7 39. Rc4+ Kxd7 0-1

[Event "Sparkassen-Open A"]
[Site "Heusenstamm, Martinsee"]
[Date "2016.11.27"]
[Round "2.18"]
[White "Zeller, Frank"]
[Black "Rolf, Marco"]
[Result "1/2-1/2"]
[WhiteElo "2402"]
[BlackElo "2055"]
[PlyCount "62"]
[EventDate "2016.??.??"]
[WhiteTeam "SK Schwäbisch Hall"]
[BlackTeam "SK Bad Homburg"]

1. e4 e6 2. d4 d5 3. Nc3 Nf6 4. Bg5 dxe4 5. Nxe4 Be7 6. Bxf6 gxf6 7. Nf3 f5 8.
Nc3 a6 9. Qe2 b5 10. O-O-O b4 11. Na4 Qd5 12. Qe5 Qxe5 13. Nxe5 Nd7 14. Nc6
Bg5+ 15. Kb1 a5 16. d5 e5 17. Bb5 O-O 18. d6 cxd6 19. Rxd6 Kh8 20. h4 Bf6 21.
Rhd1 Ba6 22. c4 bxc3 23. Nxc3 e4 24. Rxd7 Bxc3 25. a4 Bf6 26. h5 f4 27. R7d6
Bh4 28. Re1 e3 29. Ne5 Bxf2 30. Re2 Bxb5 31. axb5 f6 1/2-1/2

[Event "Sparkassen-Open A"]
[Site "Heusenstamm, Martinsee"]
[Date "2016.11.27"]
[Round "2.19"]
[White "Cichy, Michael"]
[Black "Margolin, Boris"]
[Result "0-1"]
[WhiteElo "2053"]
[BlackElo "2391"]
[PlyCount "82"]
[EventDate "2016.??.??"]
[WhiteTeam "SC BS Gliesmarode"]
[BlackTeam "SV Oberursel"]

1. d4 d6 2. Nf3 Nf6 3. c4 Bf5 4. Nc3 c6 5. g3 Nbd7 6. Bg2 e5 7. O-O Be7 8. Re1
h6 9. e4 Bh7 10. h3 O-O 11. d5 Nc5 12. Nh4 cxd5 13. cxd5 Ne8 14. Nf5 Bxf5 15.
exf5 Bg5 16. b4 Bxc1 17. Rxc1 Nd7 18. Qb3 Nef6 19. Bf1 a6 20. g4 Qb8 21. Nd1
Qa7 22. Ne3 Rac8 23. Be2 Qd4 24. Rc4 Rxc4 25. Qxc4 Qb2 26. Bf3 Nb6 27. Qc2 Qd4
28. a3 Rc8 29. Qd1 Rc3 30. Qa1 Na4 31. Bg2 e4 32. Rc1 Qe5 33. Rxc3 Nxc3 34. Qb2
b5 35. Qc2 Qd4 36. Qb2 Qe5 37. Qc2 Kh7 38. Qb2 Qd4 39. Bf1 Nd7 40. Bg2 Nb6 41.
Bxe4 Nba4 0-1

[Event "Sparkassen-Open A"]
[Site "Heusenstamm, Martinsee"]
[Date "2016.11.27"]
[Round "2.20"]
[White "Barski, Radoslaw"]
[Black "Schlößner, Henrik"]
[Result "1-0"]
[WhiteElo "2387"]
[BlackElo "2050"]
[PlyCount "47"]
[EventDate "2016.??.??"]
[WhiteTeam "SC Heusenstamm"]
[BlackTeam "SK Gründau"]

1. e4 c6 2. d4 d5 3. e5 Bf5 4. Nf3 e6 5. Be2 c5 6. Be3 Qb6 7. Nc3 Nc6 8. O-O
cxd4 9. Nxd4 Qxb2 10. Ncb5 Rc8 11. Nxf5 exf5 12. Nxa7 Nxa7 13. Bxa7 Bc5 14. Rb1
Qxa2 15. Bxc5 Rxc5 16. Rxb7 Ne7 17. Qd4 Qxc2 18. Bd3 Qc3 19. Qa4+ Nc6 20. Rb8+
Ke7 21. Rxh8 Qxd3 22. Qa8 Qxf1+ 23. Kxf1 Nd4 24. Qe8# 1-0

[Event "Sparkassen-Open A"]
[Site "Heusenstamm, Martinsee"]
[Date "2016.11.27"]
[Round "2.21"]
[White "Konik, Michael"]
[Black "Solonar, Stefan"]
[Result "0-1"]
[WhiteElo "2049"]
[BlackElo "2325"]
[PlyCount "54"]
[EventDate "2016.??.??"]
[WhiteTeam "SK Mainaschaff"]
[BlackTeam "SC Heusenstamm"]

1. e4 c5 2. Nc3 Nc6 3. f4 g6 4. Nf3 Bg7 5. Bb5 Nd4 6. O-O a6 7. Bd3 d6 8. Nxd4
cxd4 9. Ne2 Nf6 10. Qe1 O-O 11. a4 e5 12. Qh4 Bd7 13. b3 Bc6 14. fxe5 dxe5 15.
Ba3 Re8 16. Bc4 b5 17. Bxf7+ Kxf7 18. Rxf6+ Qxf6 19. Rf1 Qxf1+ 20. Kxf1 bxa4
21. bxa4 Bxa4 22. c4 Rab8 23. Ng3 Rb1+ 24. Kf2 Re6 25. Qxh7 Rf6+ 26. Nf5 gxf5
27. exf5 Rh6 0-1

[Event "Sparkassen-Open A"]
[Site "Heusenstamm, Martinsee"]
[Date "2016.11.27"]
[Round "2.22"]
[White "Donchenko, Anatoly"]
[Black "Seickel, Ralf"]
[Result "1-0"]
[WhiteElo "2317"]
[BlackElo "2047"]
[PlyCount "69"]
[EventDate "2016.??.??"]
[WhiteTeam "SK Gießen"]
[BlackTeam "vereinslos"]

1. d4 Nf6 2. Nf3 g6 3. g3 Bg7 4. Bg2 O-O 5. O-O d6 6. b3 c5 7. c4 cxd4 8. Nxd4
Qb6 9. Bb2 Nc6 10. Nc2 Bd7 11. Nc3 Rac8 12. h3 a6 13. Ne3 Rfd8 14. Qd2 Qa5 15.
Rfd1 b5 16. g4 h6 17. a3 Qb6 18. Ncd5 Nxd5 19. Nxd5 Qa7 20. Bxg7 Kxg7 21. cxb5
axb5 22. e3 Na5 23. Rdc1 Be6 24. a4 Kh7 25. Rxc8 Rxc8 26. axb5 Nxb3 27. Rxa7
Nxd2 28. b6 Rc1+ 29. Kh2 Nf1+ 30. Bxf1 Bxd5 31. Bg2 Bxg2 32. Kxg2 Rb1 33. Rxe7
Rxb6 34. Rxf7+ Kg8 35. Rd7 1-0

[Event "Sparkassen-Open A"]
[Site "Heusenstamm, Martinsee"]
[Date "2016.11.27"]
[Round "2.23"]
[White "Held, Carsten"]
[Black "Boe, Mads"]
[Result "1/2-1/2"]
[WhiteElo "2046"]
[BlackElo "2312"]
[PlyCount "53"]
[EventDate "2016.??.??"]
[WhiteTeam "SC Ladja Roßdorf"]
[BlackTeam "SG Turm Kiel"]

1. Nf3 d5 2. c4 c6 3. e3 Nf6 4. Nc3 Bf5 5. Qb3 Qb6 6. Nd4 Qxb3 7. axb3 Bg6 8.
f4 e6 9. Be2 h5 10. O-O Bh7 11. Nf3 Nbd7 12. d4 a6 13. c5 Be7 14. b4 Rc8 15.
Bd2 Ne4 16. Be1 Bf5 17. Nxe4 Bxe4 18. Nd2 Bf5 19. Nb3 Kd8 20. Na5 Rc7 21. Nb3
h4 22. b5 cxb5 23. Ba5 Kc8 24. Bxc7 Kxc7 25. Rfc1 Nb8 26. Na5 g5 27. fxg5
1/2-1/2

[Event "Sparkassen-Open A"]
[Site "Heusenstamm, Martinsee"]
[Date "2016.11.27"]
[Round "2.24"]
[White "Osmanodja, Filiz"]
[Black "Rack, Matthias"]
[Result "1-0"]
[WhiteElo "2308"]
[BlackElo "2038"]
[PlyCount "89"]
[EventDate "2016.??.??"]
[WhiteTeam "USV TU Dresden"]
[BlackTeam "SF Neuberg"]

1. e4 e5 2. Nf3 Nf6 3. Nxe5 d6 4. Nf3 Nxe4 5. Nc3 Nxc3 6. dxc3 Be7 7. Be3 Nc6
8. Qd2 Bg4 9. Be2 a6 10. O-O-O O-O 11. Kb1 Rb8 12. h3 Bf5 13. Rhe1 Re8 14. g4
Be4 15. Ng5 Bxg5 16. Bxg5 f6 17. Bh4 Ne5 18. g5 Ng6 19. Bc4+ Kh8 20. gxf6 Nxh4
21. fxg7+ Kxg7 22. Qd4+ Qf6 23. Rxe4 Qxd4 24. Rexd4 Ng6 25. Rg1 Kf6 26. h4 Re5
27. Rd3 Rbe8 28. Rf3+ Kg7 29. Rf7+ Kh6 30. Kc1 Re1+ 31. Rxe1 Rxe1+ 32. Kd2 Re7
33. Rxe7 Nxe7 34. Be2 Ng6 35. Bg4 b6 36. Ke3 Nxh4 37. Ke4 Kg5 38. Bc8 Ng2 39.
Bxa6 Nf4 40. Kf3 h5 41. Bf1 h4 42. a4 Kf5 43. b4 Nd5 44. a5 bxa5 45. bxa5 1-0

[Event "Sparkassen-Open A"]
[Site "Heusenstamm, Martinsee"]
[Date "2016.11.27"]
[Round "2.25"]
[White "Werner, Dimo"]
[Black "Klundt, Klaus"]
[Result "1/2-1/2"]
[WhiteElo "2035"]
[BlackElo "2300"]
[PlyCount "37"]
[EventDate "2016.??.??"]
[WhiteTeam "TSV Schott Mainz"]
[BlackTeam "SC Heusenstamm"]

1. d4 Nf6 2. c4 e6 3. Nf3 d5 4. Nc3 Be7 5. Bg5 h6 6. Bh4 O-O 7. e3 b6 8. Bd3
Bb7 9. O-O Nbd7 10. Rc1 c5 11. cxd5 exd5 12. dxc5 bxc5 13. Bf5 g6 14. Bxd7 Qxd7
15. Bxf6 Bxf6 16. Ne4 Bxb2 17. Rb1 Qe7 18. Nxc5 Qxc5 19. Rxb2 1/2-1/2

[Event "Sparkassen-Open A"]
[Site "Heusenstamm, Martinsee"]
[Date "2016.11.27"]
[Round "2.28"]
[White "Schmitzer, Klaus"]
[Black "Calvi, Stefan"]
[Result "1-0"]
[WhiteElo "2285"]
[BlackElo "2021"]
[PlyCount "79"]
[EventDate "2016.??.??"]
[WhiteTeam "Bad Vilbeler Sfr"]
[BlackTeam "SF Frankfurt"]

1. e4 c5 2. Nf3 Nc6 3. d4 cxd4 4. Nxd4 Nf6 5. Nc3 e5 6. Ndb5 d6 7. Nd5 Nxd5 8.
exd5 Nb8 9. c4 Be7 10. Bd3 a6 11. Nc3 O-O 12. O-O f5 13. f3 Nd7 14. Be3 Nc5 15.
Bc2 a5 16. a3 b6 17. b4 Nd7 18. Ba4 Bf6 19. Bc6 Rb8 20. Rc1 Bg5 21. Qd2 Bxe3+
22. Qxe3 f4 23. Qe2 Nf6 24. c5 axb4 25. axb4 bxc5 26. bxc5 Rb4 27. cxd6 Qxd6
28. Rfe1 Nd7 29. Ne4 Qb8 30. d6 Qb6+ 31. Kh1 h6 32. Red1 Kh8 33. Bxd7 Bxd7 34.
Nc5 Ba4 35. Nxa4 Rxa4 36. d7 Qf6 37. Rc8 Ra8 38. Qc2 Rd8 39. Rxa8 Rxa8 40. Qc8+
1-0

[Event "Sparkassen-Open A"]
[Site "Heusenstamm, Martinsee"]
[Date "2016.11.27"]
[Round "2.29"]
[White "Kuhn, Gerhard"]
[Black "Zieher, Hartmut"]
[Result "0-1"]
[WhiteElo "2030"]
[BlackElo "2285"]
[PlyCount "64"]
[EventDate "2016.??.??"]
[WhiteTeam "SK Marburg"]
[BlackTeam "Hamburger SK"]

1. e4 e5 2. Nf3 Nc6 3. Bc4 Bc5 4. c3 Nf6 5. d3 a6 6. Nbd2 O-O 7. O-O d6 8. Bb3
Be6 9. Qe2 Nh5 10. Nc4 b5 11. Ne3 Nf4 12. Qd1 Kh8 13. d4 exd4 14. Nd5 Ng6 15.
cxd4 Ba7 16. Be3 Na5 17. Ng5 Nxb3 18. axb3 Bxd5 19. exd5 h6 20. Nf3 Bb6 21. b4
f5 22. Ng5 hxg5 23. Qh5+ Kg8 24. Bxg5 Qe8 25. Rfe1 Qf7 26. Re3 Bxd4 27. Rh3
Rfe8 28. Rd1 Bxb2 29. Qh7+ Kf8 30. Rg3 Qxd5 31. Rf1 Re6 32. Bh6 Kf7 0-1

[Event "Sparkassen-Open A"]
[Site "Heusenstamm, Martinsee"]
[Date "2016.11.27"]
[Round "2.30"]
[White "Keller, Peter"]
[Black "Neukirchner, Pascal"]
[Result "1-0"]
[WhiteElo "2269"]
[BlackElo "2026"]
[PlyCount "71"]
[EventDate "2016.??.??"]
[WhiteTeam "Frankfurter TV"]
[BlackTeam "SK Gründau"]

1. e4 c5 2. Nf3 Nc6 3. d4 cxd4 4. Nxd4 g6 5. c4 Bg7 6. Be3 Nh6 7. Be2 d6 8. Nc3
O-O 9. O-O f5 10. exf5 Nxf5 11. Nxf5 Bxf5 12. Qd2 Qa5 13. Rfd1 Rac8 14. Rac1
Rfe8 15. b3 Ne5 16. h3 Nd7 17. Bf3 b6 18. Qd5+ Qxd5 19. Bxd5+ e6 20. Bb7 Rc7
21. Bf3 Bxc3 22. Rxc3 Ne5 23. Be2 Nf7 24. Bc1 Rd8 25. g4 Be4 26. Re3 Bb7 27.
Rxe6 d5 28. Bf3 d4 29. Bxb7 Rxb7 30. Rd3 Rbd7 31. f4 b5 32. cxb5 Rd5 33. Bb2
Nd6 34. a4 Nb7 35. b4 Rc8 36. Rxd4 1-0

[Event "Sparkassen-Open A"]
[Site "Heusenstamm, Martinsee"]
[Date "2016.11.27"]
[Round "2.31"]
[White "Schmitt, Carsten"]
[Black "Schlapp, Thomas"]
[Result "1-0"]
[WhiteElo "2025"]
[BlackElo "2261"]
[PlyCount "73"]
[EventDate "2016.??.??"]
[WhiteTeam "SV Bergwinkel"]
[BlackTeam "SG Kaiserslautern"]

1. c4 e6 2. g3 Nf6 3. Bg2 d5 4. Nf3 Be7 5. O-O O-O 6. b3 c5 7. e3 Nc6 8. Qe2 b6
9. Rd1 Bb7 10. d4 cxd4 11. exd4 Rc8 12. Bb2 Re8 13. Nbd2 dxc4 14. Nxc4 Nb4 15.
a3 Bxf3 16. Bxf3 Nbd5 17. Rac1 Bd6 18. Ne5 Rc7 19. Rxc7 Qxc7 20. Rc1 Qb7 21.
Qc4 Kf8 22. b4 b5 23. Qc6 Qxc6 24. Rxc6 Bxe5 25. dxe5 Nd7 26. Bd4 Ke7 27. Be2
N7b6 28. Bxb5 Ra8 29. Bxb6 Nxb6 30. Rc7+ Kf8 31. Bc6 Rc8 32. Rxc8+ Nxc8 33. a4
Nb6 34. f4 Ke7 35. a5 Nc4 36. Kf2 f6 37. Bb5 1-0